Zac Brown Band and Jimmy Buffett - Knee Deep Lyrics - Statistics

General Stats
  • This quiz has been taken 199 times
  • The average score is 231 of 333
Answer Stats
Lyrics % Correct
I
98%
the
98%
in
97%
in;
97%
a
96%
go
95%
so
95%
my
94%
deep
93%
knee
93%
water
91%
water,
91%
blue
90%
Gonna
90%
gonna
90%
me
90%
me.
90%
world
89%
somewhere,
88%
sky
87%
sky,
87%
it.
85%
it
85%
got
83%
don't
82%
Don't
82%
away
81%
away.
81%
"Be
81%
be
81%
minute,
81%
minute."
81%
for
79%
was
79%
and
78%
is
78%
on
78%
tide
78%
worry
78%
chair.
77%
reach
76%
live
74%
put
74%
to
74%
wash
74%
pretend
73%
breeze
72%
Only
72%
only
72%
Sunshine
69%
blues
68%
I'm
68%
When
68%
by
66%
never
66%
of
66%
lost
65%
think
64%
fire
63%
felt
62%
high,
62%
paradise.
62%
hair.
61%
happy,
60%
happy
60%
blowin'
59%
been
58%
found
58%
Now
58%
now
58%
sweet
58%
sweet,
58%
wind
58%
might
56%
seem
56%
but
55%
fair.
54%
find
54%
Find
54%
love
54%
own
54%
way.
54%
Wishin'
54%
close
53%
through
53%
try.
53%
Had
52%
ocean
52%
there's
52%
too
52%
back
50%
have
50%
kind
50%
She
50%
better
46%
you
46%
You
46%
boat
45%
trying
45%
off
44%
medication.
43%
Sunrise,
42%
ever
41%
ain't
40%
miss
40%
sailed
40%
vacation,
40%
Bought
39%
anyway.
38%
fought
38%
permanent
38%
your
38%
condition
37%
note
37%
over
36%
as
35%
Mind
35%
said
35%
sea.
35%
Wrote
35%
anybody's
34%
It's
33%
it's
33%
her.
32%
shore
32%
geography
30%
life
30%
salty
30%
blowing
29%
Change
29%
One
29%
washing
29%
day
28%
champagne
27%
'Cause
26%
living
26%
Sunshine's
26%
This
22%
maybe
19%
key
18%
little
18%
could
17%
lose
15%
yourself
15%
yourself,
15%
Come
14%
slice.
14%
Grab
13%
know
13%
backpack
12%
nice.
11%
until
10%
lies.
0%
No matching quizzes found
Score Distribution
Percent of People with Each Score
Percentile by Number Answered
Your Score History
You have not taken this quiz